000 00602nam a2200181 i 4500
001 28494
003 ES-MaACL
005 20250928103509.0
007 t|
008 030117s1924 sp ||||1| spa d
100 1 _aBaetzner, Wilhelm.
_924604
245 1 0 _aDiagnóstico quirúrgico de las enfermedades del riñón /
_cpor Wilhelm Baetzner ; traducción y prólogo de Salvador Pascual y Ríos.
260 _aBarcelona :
_bLabor,
_c1924.
300 _aXIII, 391 p. :
_bil. ;
_c24 cm.
700 1 _aPascual Ríos, Salvador,
_d1887-1938
_989396
852 _aES-MaACL
_jE-1517
999 _c28494
_d28494